000 01005nam a2200313 a 4500
001 5601
003 CO-ViMGA
008 141112s2004 ck r 000 u spa d
040 _aCO-ViMGA
_bspa
_cCO-ViMGA
082 0 4 _aR036 G172m
100 1 _aGarcía Pelayo y Gross, Ramón
_93957
245 1 0 _aEnciclopedia metódica larousse en color
250 _a3a
260 _aMexico :
_bLarousse,
_c1991
300 _a6 v
590 _aDatos de inventario : 05081, 05082, 05083, 05084, 05085, 05086
650 1 4 _aARTE - ENCICLOPEDIA
_93958
650 1 4 _aFILOSOFIA - ENCICLOPEDIA
_93959
650 1 4 _aGEOGRAFIA - ENCICLOPEDIA
_93960
650 1 4 _aGRAMATICA - ENCICLOPEDIA
_93961
650 1 4 _aHISTORIA - ENCICLOPEDIA
_94114
650 1 4 _aLENGUA CASTELLANA - ENCICLOPEDIA
_93962
650 1 4 _aLITERATURA - ENCICLOPEDIA
_93963
650 1 4 _aMITOLOGIA - ENCICLOPEDIA
_93964
650 1 4 _aMUSICA - ENCICLOPEDIA
_93965
650 1 4 _aRELIGION - ENCICLOPEDIA
_93966
650 1 4 _aTECNOLOGIA
942 _2ddc
_cBK
999 _c17584
_d17584